| 000 | 03021cam a22002534a 4500 | ||
|---|---|---|---|
| 008 | 260325b mx ||||| |||| 00| 0 spa d | ||
| 020 | _a9686062866 | ||
| 040 |
_aITMILPAALTA _besp _cTecNM |
||
| 041 | _aspa | ||
| 050 | 0 | 0 | _aTA345 .P54 1989 |
| 100 | 1 |
_aPike, Ralph W., _94435 |
|
| 245 | 0 | 0 |
_aOptimización en Ingeniería / _cRalph W. Pike |
| 260 | 3 |
_aMexico: _bAlfaomega, _c1989. |
|
| 300 |
_a340 paginas: _bcontiene formualas, ilustraciones, tablas; _c23 cm. |
||
| 504 | _aRalph W. Pike es un destacado académico, investigador e ingeniero químico estadounidense. Durante su extensa trayectoria, se ha desempeñado como Profesor de Ingeniería Química (ocupando la cátedra Horton) en la Universidad Estatal de Luisiana (LSU) y como Director del Instituto de Investigación de Procesamiento de Minerales de la misma institución. Cuenta con décadas de experiencia enseñando diseño y optimización de sistemas a estudiantes de posgrado en ingeniería. Su gran aporte a la industria radica en la aplicación de modelos matemáticos complejos y software de programación para optimizar el rendimiento económico y operativo de refinerías y plantas petroquímicas reales. | ||
| 505 | _aTeoría clásica del máximo y del mínimo Programación lineal Problemas especiales en programación lineal Programación geométrica Técnicas de búsqueda unidimensional Técnicas de búsqueda multidimensional Programación dinámica Cálculo de variaciones Bibliografía Índice analítico | ||
| 520 | _aOptimización en Ingeniería es un texto universitario avanzado diseñado para situarse justo en la frontera entre las matemáticas puras y las aplicaciones industriales. El objetivo principal de la obra es enseñar a los estudiantes y profesionales de la ingeniería cómo encontrar las mejores soluciones operativas (los valores óptimos) para el funcionamiento de sistemas continuos complejos, buscando siempre maximizar la rentabilidad y la eficiencia de las plantas de fabricación. El libro está estructurado metodológicamente para construir sobre los conocimientos previos de cálculo y ecuaciones diferenciales del lector. Comienza estableciendo una base sólida revisando la teoría clásica de máximos y mínimos para, a partir de ahí, avanzar hacia métodos modernos como la programación geométrica y dinámica. El mayor valor del enfoque de Pike es que evita quedarse en la teoría abstracta; a lo largo de la obra, demuestra cómo algoritmos clásicos (como el Método Simplex) son herramientas indispensables y directamente aplicables al diseño de equipos, el control de procesos y la toma de decisiones técnicas en la industria pesada. | ||
| 526 | _aIngenieria en Sistemas Computacionales | ||
| 526 | _aIngenieria en Gestion Empresarial | ||
| 526 | _aIngenieria en Industrias Alimentarias | ||
| 526 | _aIngeniería Bioquímica | ||
| 942 |
_2lcc _cLIB _ePRIMERA EDICION _n0 |
||
| 945 |
_a1262 _bJosé Antonio Albarrán Galván _c1262 _dJosé Antonio Albarrán Galván |
||
| 999 |
_c10728 _d10728 |
||